Computación para todos. (Record no. 86293)

MARC details
000 -CABECERA
campo de control de longitud fija 00823nmm a2200205 a 4500
005 - FECHA Y HORA DE LA ÚLTIMA TRANSACCIÓN
campo de control 20210223124417.0
008 - ELEMENTOS DE LONGITUD FIJA--INFORMACIÓN GENERAL
campo de control de longitud fija 011002s2000 mx b spa d
035 ## - NÚMERO DE CONTROL DEL SISTEMA
Número de control de sistema UPN01000112385
049 ## - COLECCIÓN
Colección I
050 #4 - SIGNATURA TOPOGRÁFICA DE LA BIBLIOTECA DEL CONGRESO
Número de clasificación LB1028.43
Número de documento/Ítem C6.5
245 00 - MENCIÓN DE TÍTULO
Título Computación para todos.
260 ## - PUBLICACIÓN, DISTRIBUCIÓN, ETC.
Lugar de publicación, distribución, etc. México :
Nombre del editor, distribuidor, etc. Vermic,
Fecha de publicación, distribución, etc. c2000
300 ## - DESCRIPCIÓN FÍSICA
Extensión 1 disco óptico de computador :
Otras características físicas son., col. :
Dimensiones 4 3/4 plg.
440 #0 - MENCIÓN DE SERIE/ASIENTO SECUNDARIO--TÍTULO
Título Software educativo)
538 ## - NOTA DE DETALLES DEL SISTEMA
Nota de detalles del sistema Requistios del sistema: Computadora Pentium o superior; 16 Mb de memoria RAM; Windows 9X o superior; 20 Mb. de espacio en disco duro para su instalación; unidad de CD-ROM; Monitor VGA 256 colores; Tarjeta de sonido; Mouse.
521 ## - NOTA DE AUDIENCIA
Nota de público destinatario Para niños de 9 años en adelante.
650 #4 - ASIENTO SECUNDARIO DE MATERIA - TERMINO TEMATICO
Término de materia o nombre geográfico como elemento de entrada PROCESAMIENTO ELECTRONICO DE DATOS
9 (RLIN) 6577
653 0# - TERMINO DE INDIZACION - NO CONTROLADO
Término no controlado JUEGOS EDUCATIVOS
905 ## - TIPO DE MATERIAL
Tipo de material Electrónico
Holdings
Estado de retiro Estado de pérdida Fuente del sistema de clasificación o colocación Estado dañado No para préstamo Código de colección Localización permanente Ubicación/localización actual Ubicación en estantería Fecha de adquisición Clasificación Código de barras Fecha visto por última vez Tipo de ítem Koha Nota pública
    Library of Congress Classification     Materiales complementarios y otros recursos electrónicos  Bib. Gregorio Torres Quintero Bib. Gregorio Torres Quintero Mostrador de préstamo Planta baja 23/09/2024 LB1028.43 C6.5 183619 31/12/2020 Disco Compacto Solicítalo en el mostrador de préstamo